Current International Destinations from Auckland - Statistics

General Stats
  • This quiz has been taken 72 times
  • The average score is 9 of 15
Answer Stats
# weekly destination % Correct
8 Sydney
97%
2 Tokyo
83%
8 Brisbane
82%
5 Los Angeles
77%
3 Singapore
75%
2 Shanghai
68%
3 Hong Kong
65%
1 Seoul
62%
2 San Francisco
60%
1 Kuala Lumpur
55%
1 Apia
37%
2 Guangzhou
37%
1 Nadi
35%
1 Doha
25%
1 Rarotonga
10%
No matching quizzes found
Score Distribution
Percent of People with Each Score
Percentile by Number Answered
Your Score History
You have not taken this quiz